[Event "Stay Safe Play From Home 138"]
[Site "T#645932Emanuel Laske"]
[Date "2020.05.10"]
[Round "4"]
[White "Greblah"]
[Black "Apitzsch"]
[Result "1-0"]
[WhiteElo "1744"]
[BlackElo "1919"]
[Annotator "TA"]
[PlyCount "129"]
[EventDate "2020.05.10"]
[EventType "swiss (blitz)"]

{[%evp 9,129,-1,73,59,110,99,146,116,116,116,116,123,110,117,109,105,107,92,107,100,104,103,106,104,103,105,111,113,121,79,176,168,201,195,213,116,116,108,116,115,179,127,123,97,254,0,-7,-7,0,0,8,-14,-10,-10,-7,-15,-7,-10,0,0,0,0,0,0,0,0,0,0,6,0,0,0,0,0,0,0,412,397,419,419,416,414,414,407,384,360,289,218,386,376,12831,12835,12835,6107,12835,2910,12843,12843,12850,27999,27999,27999,27999,27999,27999,27999,27999,27999,27998,27998,27999,27999,27999,27999,27999,27999,27998,27999,27999,27999,27999,27999]} 1. e4 c5 2. Nc3 e6 3. g3 d5 4. exd5 exd5 5. d4 c4 (5... cxd4 $11 6. Qxd4 Nf6) 6. Bg2 {B23: Closed Sicilian: Lines without g3.} Nf6 (6... Bb4 $14) 7. Nge2 Nc6 8. O-O {White is clearly better.} Be7 9. Nf4 {[%cal Rc3d5]} Be6 10. Nxe6 fxe6 11. Re1 Qd7 12. Bh3 Nd8 13. Qe2 {[#]} O-O $146 ({Predecessor:} 13... Kf7 14. Bf4 Re8 15. Qf3 Bb4 16. Re2 Kg8 17. Be5 Rf8 18. Qe3 a5 19. f3 Ra6 {0-1 (54) Nikolaeva,A (2122)-Bistrikova,E (2231) Samara 2003}) 14. Bxe6+ Nxe6 15. Qxe6+ Qxe6 16. Rxe6 Bb4 17. Bd2 Bxc3 18. Bxc3 Ne4 19. Be1 b5 (19... Ng5 $16 {is a better defense.} 20. Re7 Rae8 21. Rxe8 (21. Rxb7 Re2 $11) 21... Rxe8) 20. Re5 $18 Rad8 21. Kg2 Rfe8 22. Rxe8+ ({White should try} 22. Bb4 $18) 22... Rxe8 {[%mdl 4096] Endgame KRB-KRN} 23. f3 Nd6 24. Kf2 g5 (24... Nf5 $16) 25. Bd2 (25. g4 $18) 25... g4 $16 26. Re1 Rf8 $2 {[#]} (26... Rxe1 $16 {might work better.} 27. Bxe1 Nf5) 27. f4 $2 (27. Bf4 $18) 27... Ne4+ $11 28. Ke2 $1 Re8 29. Kd1 h5 30. f5 Kf7 31. Rf1 Kf6 32. c3 a5 33. Bf4 b4 34. Be5+ Kf7 35. Kc2 Ng5 36. cxb4 axb4 37. a3 b3+ 38. Kc3 Nf3 39. Rf2 Nxe5 40. dxe5 Rxe5 {KR-KR} 41. Kd4 Kf6 42. a4 Re8 $2 {[%mdl 8192] Black is now going downhill.} (42... Re1 $1 $11 {and Black has nothing to worry.}) 43. Kxd5 $18 Ra8 44. Kxc4 Rxa4+ 45. Kxb3 Ra8 46. Kc2 Rc8+ 47. Kb1 Rb8 48. Rf4 Rb7 $2 (48... Re8 49. Rf2 Rb8) 49. b4 Kg5 $2 (49... Re7 50. Rc4 Re3) 50. f6 {[#] Threatening mate with f7.} Rf7 51. Kb2 h4 52. Kb3 hxg3 53. hxg3 Rxf6 54. Rxf6 Kxf6 {KPP-KP. White mates.} 55. Kc4 Ke5 56. Kd3 Kd5 57. Ke3 Kc4 58. Kf4 Kxb4 59. Kxg4 {KP-K} Kc5 60. Kf5 Kd5 61. g4 Kd6 62. Kf6 Kd7 63. Kf7 Kd6 64. g5 Ke5 65. g6 {Accuracy: White = 85%, Black = 62%.} 1-0

[Event "Stay Safe Play From Home 138"]
[Site "T#645932Emanuel Laske"]
[Date "2020.05.10"]
[Round "4"]
[White "Chess_MX"]
[Black "Sadbat1122"]
[Result "1/2-1/2"]
[WhiteElo "1697"]
[BlackElo "1565"]
[Annotator "NA RC"]
[PlyCount "115"]
[EventDate "2020.05.10"]
[EventType "swiss (blitz)"]

1. e4 {[%emt 0:00:03]} e6 {[%emt 0:00:02]} 2. d4 {[%emt 0:00:01]} d5 {[%emt 0:00:02]} 3. Bd3 {[%emt 0:00:01]} c5 {[%emt 0:00:05]} 4. c3 {[%emt 0:00:02]} Nc6 {[%emt 0:00:05]} 5. exd5 {[%emt 0:00:11]} Qxd5 {[%emt 0:00:03]} 6. Qf3 {[%emt 0:00:03]} Qxf3 {[%emt 0:00:04]} 7. Nxf3 {[%emt 0:00:01]} cxd4 {[%emt 0:00:08]} 8. Nxd4 {[%emt 0:00:12]} Nxd4 {[%emt 0:00:14]} 9. cxd4 {[%emt 0:00:00]} Nf6 {[%emt 0:00:02]} 10. Bg5 {[%emt 0:00:08]} Be7 {[%emt 0:00:02]} 11. Nc3 {[%emt 0:00:02]} O-O {[%emt 0:00:03]} 12. O-O {[%emt 0:00:06]} a6 {[%emt 0:00:02]} 13. Ne4 {[%emt 0:00:11]} Nxe4 {[%emt 0:00:06]} 14. Bxe7 {[%emt 0:00:02]} Re8 {[%emt 0:00:02]} 15. Bb4 {[%emt 0:00:12]} Nf6 {[%emt 0:00:07]} 16. Rac1 {[%emt 0:00:06]} Bd7 {[%emt 0:00:02]} 17. Rc7 {[%emt 0:00:04]} Bc6 {[%emt 0:00:02]} 18. Bc4 {[%emt 0:00:33]} Red8 {[%emt 0:00:11]} 19. Bc3 {[%emt 0:00:04]} Ne8 {[%emt 0:00:06]} 20. Re7 {[%emt 0:00:08]} a5 {[%emt 0:00:09]} 21. d5 {[%emt 0:00:22]} Kf8 {[%emt 0:00:18]} 22. dxc6 {[%emt 0:00:03]} Kxe7 {[%emt 0:00:04]} 23. cxb7 {[%emt 0:00:01]} Rab8 {[%emt 0:00:04]} 24. Bxa5 {[%emt 0:00:05]} Rd7 {[%emt 0:00:09]} 25. Ba6 {[%emt 0:00:18]} Nd6 {[%emt 0:00:05]} 26. Bb4 {[%emt 0:00:04]} Kd8 {[%emt 0:00:11]} 27. Rd1 {[%emt 0:00:04]} Nxb7 {[%emt 0:00:06]} 28. Rxd7+ {[%emt 0:00:10]} Kxd7 {[%emt 0:00:02]} 29. Bb5+ {[%emt 0:00:05]} Kc7 {[%emt 0:00:04]} 30. a4 {[%emt 0:00:01]} Nd6 {[%emt 0:00:02]} 31. Bxd6+ {[%emt 0:00:11]} Kxd6 {[%emt 0:00:02]} 32. b4 {[%emt 0:00:03]} Kc7 {[%emt 0:00:09]} 33. Kf1 {[%emt 0:00:02]} Kb6 {[%emt 0:00:02]} 34. Ke2 {[%emt 0:00:01]} Rc8 {[%emt 0:00:05]} 35. Bd3 {[%emt 0:00:01]} Rc3 {[%emt 0:00:06]} 36. a5+ {[%emt 0:00:03]} Ka7 {[%emt 0:00:02]} 37. b5 {[%emt 0:00:03]} Ra3 {[%emt 0:00:05]} 38. a6 {[%emt 0:00:26]} Kb6 {[%emt 0:00:03]} 39. f4 {[%emt 0:00:01]} f5 {[%emt 0:00:06]} 40. h3 {[%emt 0:00:04]} h6 {[%emt 0:00:05]} 41. g4 {[%emt 0:00:01]} g6 {[%emt 0:00:03]} 42. Ke3 {[%emt 0:00:01]} Rb3 {[%emt 0:00:14]} 43. Kd4 {[%emt 0:00:04]} fxg4 {[%emt 0:00:13]} 44. hxg4 {[%emt 0:00:01]} g5 {[%emt 0:00:02]} 45. fxg5 {[%emt 0:00:03]} hxg5 {[%emt 0:00:02]} 46. Bc4 {[%emt 0:00:00]} Rg3 {[%emt 0:00:20]} 47. Bxe6 {[%emt 0:00:03]} Kxb5 {[%emt 0:00:03]} 48. a7 {[%emt 0:00:06]} Ra3 {[%emt 0:00:05]} 49. Ke5 {[%emt 0:00:05]} Rxa7 {[%emt 0:00:03]} 50. Kf6 {[%emt 0:00:05]} Ra6 {[%emt 0:00:04]} 51. Kf5 {[%emt 0:00:03]} Kc5 {[%emt 0:00:02]} 52. Bf7 {[%emt 0:00:03]} Ra7 {[%emt 0:00:02]} 53. Bg6 {[%emt 0:00:02]} Ra4 {[%emt 0:00:03]} 54. Kxg5 {[%emt 0:00:00]} Kd6 {[%emt 0:00:01]} 55. Kf6 {[%emt 0:00:01]} Rxg4 {[%emt 0:00:02]} 56. Bf5 {[%emt 0:00:00]} Rf4 {[%emt 0:00:01]} 57. Kg5 {[%emt 0:00:01]} Rxf5+ {[%emt 0:00:01]} 58. Kxf5 {[%emt 0:00:01] (Lag: Av=0.92s, max=1.4s)} 1/2-1/2

[Event "Stay Safe Play From Home 138"]
[Site "T#645932Emanuel Laske"]
[Date "2020.05.10"]
[Round "4"]
[White "Özgür7"]
[Black "Timbre"]
[Result "1-0"]
[WhiteElo "1592"]
[BlackElo "1639"]
[Annotator "NA RC"]
[PlyCount "85"]
[EventDate "2020.05.10"]
[EventType "swiss (blitz)"]

1. e4 {[%emt 0:00:07]} c6 {[%emt 0:00:10]} 2. d4 {[%emt 0:00:06]} d5 {[%emt 0:00:01]} 3. exd5 {[%emt 0:00:04]} cxd5 {[%emt 0:00:02]} 4. Bd3 {[%emt 0:00:02]} Nc6 {[%emt 0:00:01]} 5. Nf3 {[%emt 0:00:02]} a6 {[%emt 0:00:02]} 6. O-O {[%emt 0:00:02]} Nf6 {[%emt 0:00:01]} 7. c3 {[%emt 0:00:05]} Bg4 {[%emt 0:00:02]} 8. h3 {[%emt 0:00:03]} Bh5 {[%emt 0:00:02]} 9. Bg5 {[%emt 0:00:01]} e6 {[%emt 0:00:01]} 10. Nbd2 {[%emt 0:00:02]} Be7 {[%emt 0:00:01]} 11. Qc2 {[%emt 0:00:02]} Bg6 {[%emt 0:00:02]} 12. Ne5 {[%emt 0:00:08]} Nxe5 {[%emt 0:00:02]} 13. dxe5 {[%emt 0:00:02]} Nd7 {[%emt 0:00:02]} 14. Bxe7 {[%emt 0:00:03]} Qxe7 {[%emt 0:00:01]} 15. f4 {[%emt 0:00:03]} Rc8 {[%emt 0:00:06]} 16. Nf3 {[%emt 0:00:13]} O-O {[%emt 0:00:04]} 17. Bxg6 {[%emt 0:00:10]} hxg6 {[%emt 0:00:02]} 18. Qf2 {[%emt 0:00:20]} Nc5 {[%emt 0:00:02]} 19. Ng5 {[%emt 0:00:11]} Ne4 {[%emt 0:00:04]} 20. Nxe4 {[%emt 0:00:17]} dxe4 {[%emt 0:00:02]} 21. Qe3 {[%emt 0:00:01]} Rc4 {[%emt 0:00:06]} 22. b3 {[%emt 0:00:07]} Rc6 {[%emt 0:00:05]} 23. c4 {[%emt 0:00:02]} b5 {[%emt 0:00:03]} 24. Qxe4 {[%emt 0:00:06]} bxc4 {[%emt 0:00:03]} 25. Qxc6 {[%emt 0:00:05]} cxb3 {[%emt 0:00:04]} 26. axb3 {[%emt 0:00:02]} Qb4 {[%emt 0:00:03]} 27. Qc4 {[%emt 0:00:10]} Qb6+ {[%emt 0:00:05]} 28. Kh1 {[%emt 0:00:10]} a5 {[%emt 0:00:07]} 29. Ra4 {[%emt 0:00:10]} Qe3 {[%emt 0:00:04]} 30. Rxa5 {[%emt 0:00:10]} Rd8 {[%emt 0:00:05]} 31. Rc5 {[%emt 0:00:07]} Rd5 {[%emt 0:00:06]} 32. Rxd5 {[%emt 0:00:04]} exd5 {[%emt 0:00:03]} 33. Qxd5 {[%emt 0:00:07]} Qe2 {[%emt 0:00:05]} 34. Qd1 {[%emt 0:00:03]} Qe3 {[%emt 0:00:02]} 35. Rf3 {[%emt 0:00:04]} Qe4 {[%emt 0:00:03]} 36. Qd3 {[%emt 0:00:10]} Qe1+ {[%emt 0:00:04]} 37. Kh2 {[%emt 0:00:05]} Qh4 {[%emt 0:00:03]} 38. b4 {[%emt 0:00:02]} Qe7 {[%emt 0:00:03]} 39. Qd4 {[%emt 0:00:06]} Qe6 {[%emt 0:00:03]} 40. Rd3 {[%emt 0:00:04]} Qf5 {[%emt 0:00:03]} 41. b5 {[%emt 0:00:04]} Kh7 {[%emt 0:00:07]} 42. b6 {[%emt 0:00:02]} f6 {[%emt 0:00:02]} 43. exf6 {[%emt 0:00:02] (Lag: Av=1.11s, max=7.9s)} 1-0

[Event "Stay Safe Play From Home 138"]
[Site "T#645932Emanuel Laske"]
[Date "2020.05.10"]
[Round "5"]
[White "lazieri3"]
[Black "Haris kollari 13"]
[Result "1-0"]
[WhiteElo "2066"]
[BlackElo "1916"]
[Annotator "TA"]
[PlyCount "117"]
[EventDate "2020.05.10"]
[EventType "swiss (blitz)"]

{[%evp 9,116,-31,-22,-39,-31,-39,13,21,20,0,9,4,52,24,219,224,338,316,451,188,172,202,345,336,413,400,1122,1122,29982,725,721,642,958,209,274,258,384,246,251,252,248,236,877,862,961,959,948,904,950,944,29967,10556,818,818,29996,1937,5727,0,29979,29980,29979,29981,29980,29981,29980,29982,29982,29983,29985,29986,29988,29989,29989,29990,29990,29991,29991,29990,29990,29990,29991,29990,29990,29991,29991,29991,29991,29992,29992,29993,29994,29994,29994,29995,29996,29997,29997,29998,29998,29997,29997,29998,29998,29997,29997,29998,29998,29999,29999]} 1. e4 e6 2. Nf3 d5 3. Nc3 d4 4. Ne2 c5 5. d3 Nc6 6. g3 {C00: French: Unusual White 2nd moves.} e5 7. Bg2 f5 ({Better is} 7... Bd6 $15) 8. O-O $11 {[#] The position is equal.} Nf6 $146 ({Predecessor:} 8... Be7 9. c4 fxe4 10. dxe4 Nf6 11. Qa4 Bd7 12. Nd2 Nb4 13. Qb3 O-O 14. a3 Nc6 15. Qxb7 {0-1 (69) Lasierra Arceiz,J (1690)-Abad Pereda,J San Jose 1998}) 9. exf5 Bxf5 10. Nh4 Be6 11. f4 exf4 $2 (11... Bd6 $11 {and Black stays safe.}) 12. Nxf4 $18 Bf7 (12... Bg4 $142 13. Qe1+ Be7) 13. Re1+ Be7 (13... Kd7 {is a better defense.} 14. Bh3+ Kc7) 14. Ne6 (14. Nf5 $142 O-O 15. Bxc6 bxc6 16. Nxe7+ Kh8 17. Nxc6) 14... Bxe6 15. Rxe6 Qd7 (15... O-O {might work better.} 16. Bg5 (16. Bxc6 bxc6 17. Nf5 Re8 $11) 16... Nd5 17. Bxe7 Ncxe7) 16. Qe2 Kf7 17. Bh3 Qc7 (17... Qd5 $142 18. Bd2 Bd6) 18. Bf4 {Rxf6+! is the strong threat.} Qd8 {[#]} 19. Nf5 (19. Rxf6+ $142 $1 {[%mdl 512]} Bxf6 20. Qe6+ Kf8 21. Bd6+ Qe7 22. Nf5 {[%mdl 64] Pin} Re8 23. Nxe7 Rxe7 24. Qc8+ Kf7 25. Qxh8) 19... Re8 20. Re1 Bf8 21. Bd6 $2 (21. Bg5 {And now Bxf6 would win.} Rxe6 22. Qxe6+ Kg6 23. Bd2) 21... g6 22. Bxf8 gxf5 (22... Rxe6 {was worth a try.} 23. Qxe6+ Kxf8) 23. Bxc5 Qd5 24. Be7 $1 Nxe7 25. Rxe7+ Rxe7 $2 (25... Kg6 26. Qf2 Rac8) 26. Qxe7+ Kg6 {[#]} 27. Re6 $1 Rf8 28. Bg2 Qxa2 29. h4 Rf7 {[#]} 30. h5+ $1 {[%mdl 512]} Kg7 {[#]} (30... Kxh5 31. Qxf7+) 31. h6+ $1 {[%mdl 512]} Kg6 {[#]} (31... Kxh6 32. Qxf7) 32. Qe8 (32. Rxf6+ $142 $1 {[%mdl 512]} Kh5 (32... Rxf6 33. Qg7+) 33. Bf3+ Kg5 34. Rxf7+ {[%mdl 64] Discovered Attack} Kxh6 35. Qf6#) 32... Qb1+ {[#]} 33. Kh2 $2 (33. Bf1 $1 $18 {Threatening mate with Qg8+.} Qe1 34. Qg8+ Kxh6 35. Qxf7 {[%mdl 64] Double Attack} (35. Rxe1 Nxg8 36. Ra1 b6 $17) 35... Qxe6 36. Qxe6) 33... Qd1 $2 {[%mdl 8192]} (33... Kg5 $11 34. Qd8 (34. Qxf7 Ng4+ {[%mdl 64] Double Attack} 35. Kh3 Nf2+ 36. Kh2 Ng4+ {[%mdl 64] Double Attack} 37. Kh3 Nf2+ 38. Kh2 Ng4+ $11 {[%mdl 64] Double Attack}) 34... Qxc2) 34. Qg8+ {White mates.} Kxh6 35. Qxf7 {[%mdl 64] Double Attack} Qh5+ 36. Qxh5+ Kxh5 37. Rxf6 Kg5 38. Rf7 h5 39. Rxb7 f4 40. gxf4+ Kxf4 41. Rxa7 Ke3 42. Re7+ Kd2 43. Re4 Kxc2 44. Rxd4 Kd2 45. Rd8 h4 46. d4 h3 47. d5 hxg2 48. Kxg2 {[%mdl 4096] Endgame KR-K} Kc2 49. d6 Kxb2 50. d7 Kc3 51. Rc8+ Kb4 52. d8=Q Kb5 53. Rc7 Kb6 54. Qd6+ Kb5 55. Rc5+ Kb4 56. Qd4+ Kb3 57. Rc3+ Kb2 58. Qd2+ Kb1 59. Rc1# {White took control after the opening. Accuracy: White = 59%, Black = 16%.} 1-0

[Event "Stay Safe Play From Home 138"]
[Site "T#645932Emanuel Laske"]
[Date "2020.05.10"]
[Round "5"]
[White "Weltszmerc"]
[Black "Sfantul321"]
[Result "1-0"]
[WhiteElo "1995"]
[BlackElo "2107"]
[Annotator "TA"]
[PlyCount "105"]
[EventDate "2020.05.10"]
[EventType "swiss (blitz)"]

{[%evp 9,105,8,2,-16,-16,-16,-7,-11,9,-41,-39,-46,-46,-81,-82,-122,-105,-80,-47,-54,-45,-73,-63,-70,0,0,0,0,0,0,0,0,0,0,4,4,105,29,29,29,291,276,270,265,300,289,392,378,422,439,456,432,449,395,380,345,439,358,361,353,383,304,321,179,344,267,239,231,252,252,252,218,205,225,257,91,100,100,168,168,168,168,168,168,168,168,168,168,168,168,29984,29985,29985,29986,29986,29987,29994,29995]} 1. d4 d5 2. c4 c6 3. Nf3 Nf6 4. g3 Bf5 5. Qb3 Qb6 6. c5 {D11: Slav Defence: 3 Nf3 sidelines and 3...Nf6 4 e3 Bg4.} Qxb3 7. axb3 Na6 8. Bd2 {The position is equal.} Ne4 {[#]} 9. Bg2 $146 ({Predecessor:} 9. e3 Nxd2 10. Kxd2 Nc7 11. Nc3 f6 12. b4 a6 13. Nh4 Bd7 14. Na4 Rd8 15. Nb6 {½-½ (36) Adianto,U (2605)-Piket,J (2580) Amsterdam 1996}) 9... Nxd2 10. Kxd2 f6 11. Nh4 Bd7 12. f4 {[#]} e5 $1 {[%mdl 512]} 13. e3 (13. dxe5 fxe5) 13... e4 {aiming for ...g5.} 14. Bf1 Nc7 15. Be2 g5 16. Ng2 h5 ({Black should try} 16... Bh3 $15 17. Ne1 h5) 17. fxg5 $1 $11 fxg5 18. h4 $1 g4 19. Nf4 $1 Kf7 20. Rf1 Kg7 21. Nc3 Be7 22. b4 Ne6 {[#]} (22... a6 $1 $11 {keeps the balance.}) 23. b5 (23. Ncxd5 $1 $16 {[%mdl 512]} cxd5 24. Nxd5) 23... Nxf4 24. Rxf4 b6 $2 {[%mdl 8192]} (24... a6 $11 {and Black has nothing to worry.}) 25. bxc6 $18 Bxc6 {[#]} 26. b4 $1 {[%cal Bb2b4,Bb4c5][%mdl 32]} bxc5 27. bxc5 (27. dxc5 a5 $16) 27... Rhf8 28. Rxf8 Kxf8 29. Ra6 Bb7 30. Rh6 Kg7 31. Rxh5 a5 32. Nxd5 Bd8 33. Rf5 a4 34. Bc4 ({Worse is} 34. Bxg4 a3 $11) 34... a3 {intending ...a2.} 35. Ba2 Bc8 36. Rf1 (36. Rf2 $142) 36... Be6 $2 (36... Rb8) 37. Rb1 Ra7 38. Kc2 Bxd5 39. Bxd5 {[%mdl 4096] Endgame KRB-KRB} Bc7 40. Rb7 ({Resist} 40. Bxe4 $6 Bxg3 41. Ra1 Bxh4 $16) 40... Rxb7 41. Bxb7 Bxg3 {KB-KB} 42. Bc8 $2 ({Don't do} 42. Bxe4 $6 Bxh4 43. Kb3 Kf6 $16) (42. Kb3 $18 {and White stays clearly on top.}) 42... Bxh4 $16 43. Bxg4 {Strongly threatening Kb3.} Bf2 (43... Kf7 $16) 44. c6 $18 {And now c7 would win.} Bg3 45. Kb3 Bd6 46. Bf5 Kf6 47. Bxe4 Ke7 48. Bf3 Kd8 49. e4 {Threatens to win with e5.} Kc7 $2 (49... Bb4 $18 50. Bg2 Ke7) 50. e5 {White mates.} Bf8 51. d5 Bc5 52. d6+ Kb6 53. c7 {Accuracy: White = 72%, Black = 62%.} 1-0

[Event "Stay Safe Play From Home 138"]
[Site "T#645932Emanuel Laske"]
[Date "2020.05.10"]
[Round "5"]
[White "Kongle"]
[Black "Dukic"]
[Result "1-0"]
[WhiteElo "1777"]
[BlackElo "1853"]
[Annotator "NA RC"]
[PlyCount "108"]
[EventDate "2020.05.10"]
[EventType "swiss (blitz)"]

1. e4 {[%emt 0:00:02]} c6 {[%emt 0:00:02]} 2. d4 {[%emt 0:00:02]} d6 {[%emt 0:00:01]} 3. c4 {[%emt 0:00:01]} Nd7 {[%emt 0:00:00]} 4. Nc3 {[%emt 0:00:01]} e5 {[%emt 0:00:01]} 5. Nf3 {[%emt 0:00:04]} Ngf6 {[%emt 0:00:01]} 6. dxe5 {[%emt 0:00:02]} dxe5 {[%emt 0:00:01]} 7. Be2 {[%emt 0:00:03]} Bb4 {[%emt 0:00:02]} 8. O-O {[%emt 0:00:05]} O-O {[%emt 0:00:06]} 9. Qc2 {[%emt 0:00:04]} Qe7 {[%emt 0:00:04]} 10. a3 {[%emt 0:00:04]} Bd6 {[%emt 0:00:03]} 11. b4 {[%emt 0:00:02]} a5 {[%emt 0:00:04]} 12. c5 {[%emt 0:00:03]} Bc7 {[%emt 0:00:01]} 13. Bb2 {[%emt 0:00:01]} Rd8 {[%emt 0:00:08]} 14. Rfd1 {[%emt 0:00:03]} Nf8 {[%emt 0:00:02]} 15. Rxd8 {[%emt 0:00:02]} Qxd8 {[%emt 0:00:01]} 16. Rd1 {[%emt 0:00:01]} Qe7 {[%emt 0:00:01]} 17. h3 {[%emt 0:00:14]} Ne6 {[%emt 0:00:10]} 18. Na4 {[%emt 0:00:11]} Nf4 {[%emt 0:00:07]} 19. Bf1 {[%emt 0:00:12]} axb4 {[%emt 0:00:03]} 20. axb4 {[%emt 0:00:02]} Nd7 {[%emt 0:00:58]} 21. g3 {[%emt 0:00:20]} Ng6 {[%emt 0:00:06]} 22. Bc4 {[%emt 0:00:07]} Ndf8 {[%emt 0:00:14]} 23. Kg2 {[%emt 0:00:11]} Be6 {[%emt 0:00:35]} 24. Nb6 {[%emt 0:00:06]} Bxb6 {[%emt 0:00:12]} 25. cxb6 {[%emt 0:00:02]} f6 {[%emt 0:00:16]} 26. Qb3 {[%emt 0:00:09]} Qf7 {[%emt 0:00:03]} 27. Bxe6 {[%emt 0:00:07]} Qxe6 {[%emt 0:00:01]} 28. Qxe6+ {[%emt 0:00:02]} Nxe6 {[%emt 0:00:02]} 29. Rd7 {[%emt 0:00:02]} Rb8 {[%emt 0:00:19]} 30. h4 {[%emt 0:00:07]} Ngf8 {[%emt 0:00:02]} 31. Re7 {[%emt 0:00:05]} Nd8 {[%emt 0:00:08]} 32. h5 {[%emt 0:00:05]} Nfe6 {[%emt 0:00:07]} 33. Nh4 {[%emt 0:00:03]} Kf8 {[%emt 0:00:04]} 34. Nf5 {[%emt 0:00:10]} g5 {[%emt 0:00:02]} 35. Rxh7 {[%emt 0:00:04]} Ra8 {[%emt 0:00:08]} 36. h6 {[%emt 0:00:08]} Ra2 {[%emt 0:00:02]} 37. Bc3 {[%emt 0:00:10]} Rc2 {[%emt 0:00:01]} 38. Be1 {[%emt 0:00:02]} Re2 {[%emt 0:00:03]} 39. Kf1 {[%emt 0:00:04]} Rxe4 {[%emt 0:00:01]} 40. Nd6 {[%emt 0:00:07]} Rd4 {[%emt 0:00:10]} 41. Rh8+ {[%emt 0:00:04]} Ke7 {[%emt 0:00:02]} 42. Nf5+ {[%emt 0:00:01]} Kf7 {[%emt 0:00:04]} 43. Nxd4 {[%emt 0:00:02]} exd4 {[%emt 0:00:01]} 44. Rh7+ {[%emt 0:00:07]} Kg6 {[%emt 0:00:03]} 45. Rh8 {[%emt 0:00:07]} Nf7 {[%emt 0:00:04]} 46. Rb8 {[%emt 0:00:05]} Ned8 {[%emt 0:00:02]} 47. b5 {[%emt 0:00:01]} c5 {[%emt 0:00:03]} 48. f3 {[%emt 0:00:07]} c4 {[%emt 0:00:02]} 49. Bb4 {[%emt 0:00:02]} c3 {[%emt 0:00:02]} 50. Ke2 {[%emt 0:00:02] Zeit (Lag: Av=0.62s, max=4.4s)} Kxh6 51. Kd3 Ne5+ 52. Kxd4 c2 53. Ba3 Nxf3+ 54. Kd5 g4 (54... Nf7 55. Rxb7 N7e5 56. Re7 Nd3 57. b7 c1=Q 58. Bxc1 Nxc1 59. b8=Q Kh5 60. Rh7+ Kg4 61. Qc8+ Kxg3 62. Qxc1 g4 63. b6) 1-0

[Event "Stay Safe Play From Home 138"]
[Site "T#645932Emanuel Laske"]
[Date "2020.05.10"]
[Round "5"]
[White "Greblah"]
[Black "Ortznoi"]
[Result "1-0"]
[WhiteElo "1769"]
[BlackElo "1895"]
[Annotator "NA RC"]
[PlyCount "135"]
[EventDate "2020.05.10"]
[EventType "swiss (blitz)"]

1. e4 {[%emt 0:00:01]} c5 {[%emt 0:00:02]} 2. Nc3 {[%emt 0:00:01]} d6 {[%emt 0:00:04]} 3. g3 {[%emt 0:00:02]} Nc6 {[%emt 0:00:03]} 4. Bg2 {[%emt 0:00:01]} g6 {[%emt 0:00:01]} 5. d3 {[%emt 0:00:00]} Bg7 {[%emt 0:00:01]} 6. Be3 {[%emt 0:00:00]} e5 {[%emt 0:00:01]} 7. Qd2 {[%emt 0:00:01]} Nd4 {[%emt 0:00:07]} 8. Nce2 {[%emt 0:00:04]} Nf6 {[%emt 0:00:02]} 9. h3 {[%emt 0:00:09]} h5 {[%emt 0:00:13]} 10. c3 {[%emt 0:00:02]} Ne6 {[%emt 0:00:06]} 11. f4 {[%emt 0:00:05]} h4 {[%emt 0:00:10]} 12. g4 {[%emt 0:00:04]} exf4 {[%emt 0:00:26]} 13. Nxf4 {[%emt 0:00:00]} Nxf4 {[%emt 0:00:03]} 14. Bxf4 {[%emt 0:00:01]} Be6 {[%emt 0:00:01]} 15. Nf3 {[%emt 0:00:13]} d5 {[%emt 0:00:02]} 16. e5 {[%emt 0:00:44]} Nd7 {[%emt 0:00:05]} 17. d4 {[%emt 0:00:08]} Qa5 {[%emt 0:00:12]} 18. O-O {[%emt 0:00:18]} Nb6 {[%emt 0:00:26]} 19. dxc5 {[%emt 0:00:40]} Qxc5+ {[%emt 0:00:06]} 20. Qd4 {[%emt 0:00:27]} Rc8 {[%emt 0:00:11]} 21. Rad1 {[%emt 0:00:06]} Nc4 {[%emt 0:00:08]} 22. b3 {[%emt 0:00:07]} Nb6 {[%emt 0:00:15]} 23. Qxc5 {[%emt 0:00:11]} Rxc5 {[%emt 0:00:02]} 24. Rd3 {[%emt 0:00:01]} Nd7 {[%emt 0:00:10]} 25. Be3 {[%emt 0:00:01]} Ra5 {[%emt 0:00:04]} 26. Bd4 {[%emt 0:00:04]} Rxa2 {[%emt 0:00:03]} 27. Ng5 {[%emt 0:00:00]} O-O {[%emt 0:00:03]} 28. Rf2 {[%emt 0:00:06]} Rxf2 {[%emt 0:00:06]} 29. Kxf2 {[%emt 0:00:01]} Nxe5 {[%emt 0:00:01]} 30. Bxe5 {[%emt 0:00:05]} Bxe5 {[%emt 0:00:02]} 31. Bxd5 {[%emt 0:00:01]} Bxd5 {[%emt 0:00:17]} 32. Rxd5 {[%emt 0:00:03]} Bxc3 {[%emt 0:00:00]} 33. Rd7 {[%emt 0:00:02]} b5 {[%emt 0:00:01]} 34. Ke3 {[%emt 0:00:09]} a5 {[%emt 0:00:03]} 35. Kd3 {[%emt 0:00:02]} Bb4 {[%emt 0:00:07]} 36. Rb7 {[%emt 0:00:04]} Rd8+ {[%emt 0:00:03]} 37. Ke4 {[%emt 0:00:03]} Re8+ {[%emt 0:00:05]} 38. Kd5 {[%emt 0:00:03]} Rd8+ {[%emt 0:00:11]} 39. Kc6 {[%emt 0:00:02]} Rd6+ {[%emt 0:00:03]} 40. Kc7 {[%emt 0:00:08]} Rd5 {[%emt 0:00:01]} 41. Nf3 {[%emt 0:00:09]} g5 {[%emt 0:00:02]} 42. Kc6 {[%emt 0:00:11]} Rc5+ {[%emt 0:00:06]} 43. Kb6 {[%emt 0:00:01]} Kg7 {[%emt 0:00:01]} 44. Nd4 {[%emt 0:00:02]} Rc3 {[%emt 0:00:06]} 45. Nf5+ {[%emt 0:00:00]} Kf6 {[%emt 0:00:02]} 46. Kxb5 {[%emt 0:00:01]} Rxb3 {[%emt 0:00:01]} 47. Nh6 {[%emt 0:00:01]} Rxh3 {[%emt 0:00:02]} 48. Nxf7 {[%emt 0:00:01]} Rg3 {[%emt 0:00:04]} 49. Nd8 {[%emt 0:00:00]} Rxg4 {[%emt 0:00:02]} 50. Rf7+ {[%emt 0:00:01]} Kg6 {[%emt 0:00:02]} 51. Rc7 {[%emt 0:00:02]} Rd4 {[%emt 0:00:01]} 52. Rc6+ {[%emt 0:00:00]} Kh5 {[%emt 0:00:02]} 53. Nf7 {[%emt 0:00:01]} h3 {[%emt 0:00:01]} 54. Rh6+ {[%emt 0:00:00]} Kg4 {[%emt 0:00:02]} 55. Ne5+ {[%emt 0:00:00]} Kg3 {[%emt 0:00:01]} 56. Nc6 {[%emt 0:00:02]} g4 {[%emt 0:00:01]} 57. Nxd4 {[%emt 0:00:01]} h2 {[%emt 0:00:02]} 58. Nf5+ {[%emt 0:00:00]} Kg2 {[%emt 0:00:02]} 59. Ne3+ {[%emt 0:00:01]} Kf3 {[%emt 0:00:03]} 60. Nxg4 {[%emt 0:00:00]} Kxg4 {[%emt 0:00:01]} 61. Rxh2 {[%emt 0:00:01]} Be1 {[%emt 0:00:01]} 62. Rb2 {[%emt 0:00:00]} Kf3 {[%emt 0:00:02]} 63. Ra2 {[%emt 0:00:00]} Ke4 {[%emt 0:00:01]} 64. Ra4+ {[%emt 0:00:00]} Kd5 {[%emt 0:00:01]} 65. Ka6 {[%emt 0:00:00]} Kc6 {[%emt 0:00:01]} 66. Rg4 {[%emt 0:00:02]} Kc5 {[%emt 0:00:01]} 67. Rg5+ {[%emt 0:00:01]} Kb4 {[%emt 0:00:02]} 68. Re5 {[%emt 0:00:01] Time (Lag: Av=0.32s, max=0.9s)} 1-0